|
|
|
|
| LEADER |
00000nam a22000007i 4500 |
| 001 |
IT\ICCU\TO0\1783064 |
| 003 |
ItRI |
| 005 |
20260223144055.0 |
| 008 |
101001s2010 it |||||| |||||1|||||c |
| 020 |
|
|
|a 9788845925139
|
| 040 |
|
|
|b ita
|c ct
|
| 041 |
|
7 |
|a ita
|2 ISO-639-2
|
| 082 |
|
|
|a 813
|2 12
|
| 100 |
1 |
|
|a Dennis, Patrick
|0 IT\ICCU\SBLV\135083
|4 aut
|
| 240 |
1 |
0 |
|a Little me
|9 Dennis, Patrick
|
| 245 |
1 |
0 |
|a Povera piccina :
|b le memorie intime di Belle Poitrine diva del teatro, del cinema e della televisione /
|c raccolte da Patrick Dennis ; fotografie di Cris Alexander ; a cura di Matteo Codignola.
|
| 260 |
|
|
|a Milano :
|b Adelphi,
|c [2010]
|
| 300 |
|
|
|a 341 p. :
|b ill. ;
|c 23 cm.
|
| 650 |
|
7 |
|a Poitrine Belle
|2 scbi
|
| 700 |
1 |
|
|a Codignola, Matteo
|0 IT\ICCU\PALV\047257
|4 edt
|
| 700 |
1 |
|
|a Alexander, Cris
|0 IT\ICCU\RT1V\005447
|4 pht
|
| 830 |
|
0 |
|a Fabula ;
|v 224
|0 IT\ICCU\CFI\0013960
|
| 942 |
|
|
|2 ddc
|c BK
|
| 952 |
|
|
|0 0
|1 0
|2 ddc
|4 0
|6 B_LNR02DENPAPOV11
|7 0
|9 7476
|a MI
|b MI
|d 2011-02-16
|i 6163
|l 0
|o B-LNR02-DENPA-POV11
|p CDOM6163
|r 2025-07-13 16:28:41
|w 2025-07-13
|x ACQUISTO
|y BK
|
| 952 |
|
|
|0 0
|1 0
|4 0
|6 DOC_813_540000000000000_DEN
|7 0
|9 19912
|a BO
|b BO
|d 2026-01-15
|i 14443
|l 0
|o DOC 813.54 DEN
|p BO14443
|r 2026-01-15 23:21:06
|w 2026-01-15
|x [Sebina 5] [1 v.]
|y BK
|z 1 v.
|
| 999 |
|
|
|c 6172
|d 6172
|